Clica la província en un mapa sense fronteres - Mort sobtada - Statistics

General Stats
  • This quiz has been taken 36 times
  • The average score is 14 of 50
Answers on the Map
Answers color-coded by a green-red scale on the quiz's map according to % correct below.
 
Answer Stats
Answer % Correct
Astúries
42%
Castelló
42%
Girona
42%
Illes Balears
42%
La Corunya
42%
Lleida
42%
Lleó
42%
Múrcia
42%
Alacant
33%
Badajoz
33%
Biscaia
33%
Conca
33%
Huelva
33%
La Rioja
33%
Màlaga
33%
Navarra
33%
Ourense
33%
Pontevedra
33%
Salamanca
33%
Sevilla
33%
Zamora
33%
Àlaba
25%
Almeria
25%
Barcelona
25%
Càceres
25%
Cadis
25%
Cantàbria
25%
Còrdova
25%
Granada
25%
Guipúscoa
25%
Jaén
25%
Las Palmas
25%
Lugo
25%
Madrid
25%
Osca
25%
Saragossa
25%
Tarragona
25%
València
25%
Albacete
17%
Àvila
17%
Burgos
17%
Ciudad Real
17%
Guadalajara
17%
Palència
17%
Santa Cruz de Tenerife
17%
Segòvia
17%
Sòria
17%
Terol
17%
Toledo
17%
Valladolid
17%
No matching quizzes found
Score Distribution
Percent of People with Each Score
Percentile by Number Answered
Your Score History
You have not taken this quiz